Повноліття (Запис № 580696)

МАРК-запис
000 -Лідер
fixed length control field 01451 a2200253 4500
001 - Контрольний номер
control field 2162214035926813
003 - Ідентифікатор контрольного номера
control field UA-OsUOA
005 - Дата та час останнього входження (трансакції)
control field 20260513141222.0
008 - Елементи даних фіксованої довжини – загальна інформація
fixed length control field 260513b un a|||| |||| 00| p ukr d
020 ## - Міжнародний стандартний книжковий номер (ISBN)
Міжнародний стандартний книжковий номер (ISBN) (НП) 9668118545
040 ## - Джерело каталогізації
Агенція оригінальної каталогізації UA-OsUOA
Мова каталогізації ukr
Агенція, яка здійснювала перезапис UA-OsUOA
Агенція, яка здійснювала модифікацію UA-OsUOA
041 ## - Код мови
Код мови тексту/ звукової доріжки чи окремого заголовка (П) ukr
080 ## - Індекс Універсальної десяткової класифікації
Індекс Універсальної десяткової класифікації (УДК) (НП) 821.161.2
090 ## - Локальний шифр розміщення
Класифікаційний індекс УДК 821.161.2
Авторський знак (НП) Л84
100 ## - Основне введення – ім’я особи
Ім’я особи (НП) Лук'яненко Г.
9 (RLIN) 25228
245 ## - Відомості про назву
Назва (НП) Повноліття
Решта назви (НП) літературна збірка
260 ## - Публікація, розповсюдження і т.п. (Вихідні дані)
Місце публікації, розповсюдження і т.п. (П) Київ
Ім’я/ наймення видавництва, розповсюджувача і т.п. (П) Юніверс
Дата публікації, розповсюдження і т.п. (П) 2007
300 ## - Фізичний опис
Обсяг 236 с.
520 ## - Резюме і т.п.
Розширене резюме От іще один дебют молодої поетеси в сучасному українському письменстві. Переважно це вірші... та є тут і речі, написені, крім лірики, в інших жанрах: у прозі, драматургії.<br/>Як стверджує сама авторка: усе, написане в цій книжці, - від уяви й молодої душі. "Ніхто не тиснув на мене, не виправляв, не перекреслював, не критикував".<br/>Це - перша збірка творчих настроїв Ганни Лук'яненко.
650 ## - Додаткове предметне введення – тематичний термін
Тематичний термін чи географічна назва, як елемент введення (НП) 82 Література. Літературознавство
9 (RLIN) 15
942 ## - Додаткові елементи входу (Коха)
Тип елемента Koha Книги
Source of classification or shelving scheme Universal Decimal Classification
955 ## - Код типу видання за змістом
Код типу видання за змістом (НП) Літературно-художні видання
Фонди
Стан вилучень Стан втрат Джерело класифікації або схеми стелажів Стан уражень Не для кредиту Код колекції Постійне місце розташування Поточне розміщення Дата придбання Джерело придбання Вартість, звичайна ціна покупки Інвентарний номер Усього замовленно Повний номер виклику Штрих-код Дата останнього перегляду Вартість, ціна заміни Ціна ефективна від Тип елемента Koha Примітка, призначена для загального доступу
    Universal Decimal Classification     Колекція Шевчука Валерія АБ - Абонемент НБ АБ - Абонемент НБ 13/05/2026 Акт №24/28.04.2026 15.00 169931   821.161.2 Л84 169931 13/05/2026 15.00 13/05/2026 Книги З автографом авторки